000 00403nam a2200193Ia 4500
001 12357
003 GE_BSU
008 181216s||||||||xx |||||||||||||| ||und||
040 _cGE_BSU
080 _a821.111-32
100 _aBaker,Keith.
245 _aReckoning.
260 _aLondon.
260 _bHeadline Feature.
260 _c1998
300 _a470p;18cm.
653 _aReckoning.
942 _cBK
999 _c45532
_d45532